[Event "London Chess Classic FIDE Open"]
[Site "London ENG"]
[Date "2010.12.13"]
[Round "6"]
[White "Summerscale, Aaron P"]
[Black "Hennigan, Michael T"]
[Result "1/2-1/2"]
[WhiteTitle "GM"]
[BlackTitle "IM"]
[WhiteElo "2434"]
[BlackElo "2388"]
[WhiteFideId "400980"]
[BlackFideId "400858"]
[EventDate "2010.12.08"]

1. d4 g6 2. c4 Bg7 3. e4 d6 4. Nc3 Nf6 5. Nf3 O-O 6. Be2 e5 7. O-O Na6 8. Be3
Ng4 9. Bg5 Qe8 10. Re1 h6 11. Bh4 c6 12. Qd2 f5 13. exf5 gxf5 14. h3 Nf6 15.
dxe5 dxe5 16. Bf1 e4 17. Nd4 Qh5 18. Bg3 Qg6 19. Nde2 Nh5 20. Nf4 Nxf4 21. Bxf4
Nc5 22. Rad1 Ne6 23. Bd6 Nd4 24. Qf4 Rd8 25. Bc7 Rd7 26. Qg3 Qxg3 27. Bxg3 b6
28. c5 b5 29. Bd6 Rd8 30. Ne2 Nc2 31. Bc7 Re8 32. b3 Nxe1 33. Rxe1 Be6 34. Ba5
Be5 35. Rd1 Re7 36. g3 Rd7 37. Rc1 Bc7 38. Bc3 Rad8 39. Bf6 Rf8 40. Bc3 Rd5 41.
Nf4 Bxf4 42. gxf4 Rxc5 43. b4 Rd5 44. Be2 Kf7 45. Be5 Rc8 46. Kf1 a6 47. Rc3 c5
48. Ra3 c4 49. Ke1 Rdd8 50. Kf1 Rc6 51. Ke1 Ke7 52. Rc3 Bf7 53. Kf1 Rg8 54. Ra3
Rcg6 55. Ke1 Rg1+ 56. Kd2 Rd8+ 57. Kc2 Rg6 58. Bc3 Rd7 59. Bd2 Ra7 60. Be3 Ra8
61. Bc5+ Ke8 62. Ra5 Bd5 63. Bh5 Bf7 64. Bxg6 Bxg6 65. a4 Rd8 66. Rxa6 Bh5 67.
Bd6 bxa4 68. b5 a3 69. b6 e3 70. fxe3 Bf3 71. Bxa3 Rd3 1/2-1/2

[Event "London Chess Classic FIDE Open"]
[Site "London ENG"]
[Date "2010.12.13"]
[Round "6"]
[White "Afek, Yochanan"]
[Black "Grover, Sahaj"]
[Result "0-1"]
[WhiteTitle "IM"]
[BlackTitle "IM"]
[WhiteElo "2283"]
[BlackElo "2432"]
[WhiteFideId "2800462"]
[BlackFideId "5021103"]
[EventDate "2010.12.08"]

1. e4 e6 2. d4 d5 3. e5 c5 4. c3 Nc6 5. Nf3 Bd7 6. a3 f6 7. Bd3 Qc7 8. Bf4 O-O-O
9. b4 c4 10. Bc2 f5 11. Ng5 Nh6 12. Nd2 Re8 13. Ndf3 Nd8 14. h4 Be7 15. Qd2 Ref8
16. O-O-O a5 17. Ng1 Nc6 18. Kb2 Qb6 19. Rb1 axb4 20. axb4 Nxb4 21. Kc1 Na2+ 22.
Kd1 Qa5 23. Ne2 Ng4 24. Rf1 b5 25. f3 Nh6 26. Ra1 b4 27. Ke1 b3 28. Bb1 Kc7 29.
Bxa2 Ra8 30. Kf2 Qb6 31. Bxb3 cxb3 32. Qb2 Rhb8 33. Bd2 Qb5 34. Nf4 Bxg5 35.
hxg5 Nf7 36. Ra3 Rxa3 37. Qxa3 Qxf1+ 38. Kxf1 b2 39. Qc5+ Kd8 40. Qf8+ Be8 41.
Nxe6+ Kd7 42. Nc5+ Kc6 43. Na6 b1=Q+ 44. Kf2 Rc8 45. e6 Qb2 46. Nb4+ Kb7 47. Ke1
Qb1+ 48. Kf2 Qd1 49. Bf4 Qe2+ 50. Kxe2 Bb5+ 51. Ke3 Rxf8 52. exf7 Bc4 53. Be5
Rxf7 54. Kf4 g6 55. Bf6 Rf8 56. Ke5 Ra8 57. Be7 Ra1 58. Kf6 Kc7 59. Kg7 Kd7 60.
Bf8 Ke8 61. Bc5 Rg1 62. Nc6 Rxg2 63. f4 Rh2 64. Ne5 Rh4 65. Bd6 Be2 66. Nf7 Rh3
67. Nh6 Rxc3 68. Kxh7 Bh5 69. Be5 Ke7 70. Ng8+ Kf7 71. Nh6+ Ke6 72. Kg7 Re3 73.
Ng8 Rxe5 74. fxe5 f4 75. Nf6 f3 76. Nh7 f2 77. Nf8+ Ke7 0-1

[Event "London Chess Classic FIDE Open"]
[Site "London ENG"]
[Date "2010.12.13"]
[Round "6"]
[White "Hanley, Craig A"]
[Black "Radovanovic, Jovica"]
[Result "1/2-1/2"]
[WhiteTitle "IM"]
[BlackTitle "FM"]
[WhiteElo "2428"]
[BlackElo "2276"]
[WhiteFideId "408514"]
[BlackFideId "915912"]
[EventDate "2010.12.08"]

1. d4 d5 2. c4 e6 3. Nf3 Nf6 4. g3 dxc4 5. Bg2 Nc6 6. Qa4 Bb4+ 7. Bd2 Bd6 8. O-O
O-O 9. Qxc4 e5 10. d5 Ne7 11. Nc3 c6 12. dxc6 Nxc6 13. Rfd1 Be6 14. Qa4 Qb6 15.
Ng5 Bc5 16. Nce4 Bf5 17. Nxc5 Qxc5 18. Be3 Qe7 19. Nf3 Rfd8 20. a3 Rxd1+ 21.
Rxd1 Rd8 22. Rc1 h6 23. h3 Be4 24. b4 a6 25. Qb3 Qd7 26. Bb6 Qd5 27. Qb2 Rd7 28.
a4 Nd4 29. Rc8+ Kh7 30. Bxd4 exd4 31. Rc5 Qd6 32. Rc4 d3 33. exd3 Qxd3 34. Rd4
Rxd4 35. Qxd4 Qe2 36. Ne5 Bxg2 37. Kxg2 Qa2 38. b5 axb5 39. axb5 Qe6 40. g4 g5
41. Kf3 Nd5 42. Nc4 Kg8 1/2-1/2

[Event "London Chess Classic FIDE Open"]
[Site "London ENG"]
[Date "2010.12.13"]
[Round "6"]
[White "Andersen, Mads"]
[Black "Slavin, Alexei"]
[Result "1-0"]
[WhiteTitle "FM"]
[BlackTitle "IM"]
[WhiteElo "2382"]
[BlackElo "2425"]
[WhiteFideId "1413864"]
[BlackFideId "24104388"]
[EventDate "2010.12.08"]

1. d4 Nf6 2. c4 e6 3. g3 Bb4+ 4. Bd2 c5 5. Bxb4 cxb4 6. Bg2 O-O 7. e4 d6 8. Ne2
Nc6 9. a3 Qb6 10. O-O e5 11. d5 Nb8 12. axb4 Qxb4 13. Qc2 Na6 14. Nc1 Nc5 15.
Qc3 Qb6 16. Nd2 Bd7 17. b4 Na4 18. Qb3 Qd4 19. Ra2 Qc3 20. Qxc3 Nxc3 21. Ra3 Na4
22. Ncb3 a6 23. Rfa1 Nb6 24. h3 Ne8 25. f4 f6 26. Bf1 Nc7 27. Rc1 Nc8 28. Kf2
Re8 29. f5 Kf7 30. Ra2 Ke7 31. c5 Bb5 32. cxd6+ Kxd6 33. Rxc7 Bxf1 34. Rxb7 Bb5
35. Rxb5 1-0

[Event "London Chess Classic FIDE Open"]
[Site "London ENG"]
[Date "2010.12.13"]
[Round "6"]
[White "Gupta, Abhijeet"]
[Black "Webb, Laurence E"]
[Result "1-0"]
[WhiteTitle "GM"]
[BlackTitle "FM"]
[WhiteElo "2600"]
[BlackElo "2322"]
[WhiteFideId "5010608"]
[BlackFideId "402389"]
[EventDate "2010.12.08"]

1. d4 Nf6 2. c4 e6 3. Nf3 Bb4+ 4. Nbd2 b6 5. a3 Bxd2+ 6. Qxd2 Bb7 7. e3 O-O 8.
Be2 Ne4 9. Qc2 f5 10. b3 Rf6 11. Bb2 Rg6 12. Rg1 d6 13. g3 Nd7 14. Nh4 Rh6 15.
d5 Qe7 16. f3 Nef6 17. O-O-O a5 18. dxe6 Qxe6 19. Nxf5 Rxh2 20. e4 Nc5 21. Nd4
Qh3 22. Rd2 Rh1 23. Rxh1 Qxh1+ 24. Qd1 Qxd1+ 25. Bxd1 Re8 26. Bc2 Ncd7 27. Nb5
Rc8 28. Rd1 Kf7 29. Re1 Ba6 30. f4 Bxb5 31. cxb5 Re8 32. b4 axb4 33. axb4 Nf8
34. Kd2 N6d7 35. Bb3+ Kg6 36. Kd3 h6 37. Rc1 Rc8 38. Bd4 h5 39. Rc6 Nb8 40. Rc2
c5 41. Bb2 Nbd7 42. Ke3 Nf6 43. Kf3 Ra8 44. Rd2 Ne8 45. f5+ Kg5 46. Bf7 cxb4 47.
Bxe8 Rxe8 48. Rxd6 Rc8 49. Rc6 1-0

[Event "London Chess Classic FIDE Open"]
[Site "London ENG"]
[Date "2010.12.13"]
[Round "6"]
[White "Greenfeld, Alon"]
[Black "Rodriguez Lopez, Rafael"]
[Result "1-0"]
[WhiteTitle "GM"]
[BlackTitle "IM"]
[WhiteElo "2564"]
[BlackElo "2305"]
[WhiteFideId "2800039"]
[BlackFideId "2204495"]
[EventDate "2010.12.08"]

1. d4 d5 2. c4 c6 3. Nc3 Nf6 4. Nf3 dxc4 5. a4 e6 6. e3 c5 7. Bxc4 Nc6 8. O-O
Be7 9. Qe2 cxd4 10. exd4 O-O 11. Rd1 Nb4 12. Ne5 Bd7 13. a5 Bc6 14. a6 Qc8 15.
Bg5 Bd5 16. Bxd5 exd5 17. Rdc1 Nxa6 18. Nxd5 Qe6 19. Nxe7+ Qxe7 20. Bxf6 gxf6
21. Qg4+ Kh8 22. Qh4 Rad8 23. Rc3 Rg8 24. Re1 Qf8 25. Qxf6+ Rg7 26. Nxf7+ 1-0

[Event "London Chess Classic FIDE Open"]
[Site "London ENG"]
[Date "2010.12.13"]
[Round "6"]
[White "Arkell, Keith C"]
[Black "Prosviriakov, Vladimir"]
[Result "1/2-1/2"]
[WhiteTitle "GM"]
[BlackTitle "IM"]
[WhiteElo "2431"]
[BlackElo "2280"]
[WhiteFideId "400270"]
[BlackFideId "2004860"]
[EventDate "2010.12.08"]

1. d4 e6 2. c4 f5 3. Nf3 Nf6 4. Bg5 h6 5. Bxf6 Qxf6 6. Nbd2 d5 7. e3 Nd7 8. Bd3
c6 9. Qc2 Bd6 10. h4 O-O 11. O-O-O c5 12. cxd5 exd5 13. Bb5 cxd4 14. exd4 Nb6
15. Kb1 Be6 16. Qb3 Rac8 17. Rc1 1/2-1/2

[Event "London Chess Classic FIDE Open"]
[Site "London ENG"]
[Date "2010.12.13"]
[Round "6"]
[White "Haydon, David L"]
[Black "Ansell, Simon T"]
[Result "1/2-1/2"]
[BlackTitle "IM"]
[WhiteElo "2218"]
[BlackElo "2417"]
[WhiteFideId "415405"]
[BlackFideId "402141"]
[EventDate "2010.12.08"]

1. Nf3 Nf6 2. c4 c6 3. Nc3 d5 4. cxd5 cxd5 5. d4 e6 6. Bf4 Nc6 7. e3 Be7 8. Bd3
O-O 9. O-O Nh5 10. Bg3 Nxg3 11. hxg3 Bd7 12. e4 Nb4 13. exd5 exd5 14. Bb1 Be6
15. Qb3 Rb8 16. a3 Nc6 17. Ba2 Na5 18. Qb5 a6 19. Qd3 b5 20. Ne2 Nc4 21. Nf4 g6
22. Nxe6 fxe6 23. Rae1 Rb6 24. Re2 Bf6 25. Rfe1 Qd7 26. a4 Rc8 27. axb5 axb5 28.
b3 Na3 29. Qd2 b4 30. Qf4 Rf8 31. Qg4 Kg7 32. Bb1 Nxb1 33. Rxb1 Re8 34. Rc1 Rc6
35. Rec2 Rec8 36. Rxc6 Rxc6 37. Rxc6 Qxc6 38. Qf4 Qb6 39. g4 h6 40. Ne5 Qb5 41.
Qe3 g5 42. Nd3 Kf7 1/2-1/2

[Event "London Chess Classic FIDE Open"]
[Site "London ENG"]
[Date "2010.12.13"]
[Round "6"]
[White "Quillan, Gary"]
[Black "Merriman, John"]
[Result "1-0"]
[WhiteTitle "IM"]
[WhiteElo "2385"]
[BlackElo "2259"]
[WhiteFideId "401153"]
[BlackFideId "402362"]
[EventDate "2010.12.08"]

1. e4 e6 2. d4 d5 3. Nd2 Nf6 4. e5 Nfd7 5. c3 c5 6. Bd3 Nc6 7. Ne2 Qb6 8. Nf3
cxd4 9. cxd4 f6 10. exf6 Nxf6 11. O-O Bd6 12. Nc3 O-O 13. Be3 Bd7 14. Rc1 Rae8
15. Re1 Re7 16. Na4 Qa5 17. Bd2 Qd8 18. Nc5 Bc8 19. Bb5 Bxc5 20. Rxc5 Ne4 21.
Bxc6 Nxc5 22. Bb4 Ne4 23. Bxe7 Qxe7 24. Bb5 Bd7 25. Bd3 Qb4 26. Qe2 Nf6 27. a3
Qb6 28. h3 Re8 29. Rd1 Ba4 30. Rc1 a5 31. Rc5 Bc6 32. Ne5 Ba4 33. Qd2 Ra8 34.
Qc3 Qd8 35. b3 Be8 36. Qc2 Qd6 37. a4 Rd8 38. f3 b6 39. Rc7 h6 40. Qc3 Nh5 41.
Rb7 Rb8 42. Rc7 Qf8 43. Rc8 Rxc8 44. Qxc8 Nf4 45. Bf1 Bh5 46. Qxf8+ Kxf8 47. Kf2
Be8 48. Ke3 Nh5 49. g4 Nf6 50. h4 Ke7 1-0

[Event "London Chess Classic FIDE Open"]
[Site "London ENG"]
[Date "2010.12.13"]
[Round "6"]
[White "Kamis, Kamarunsalehin"]
[Black "Thorhallsson, Throstur"]
[Result "0-1"]
[BlackTitle "GM"]
[WhiteElo "1825"]
[BlackElo "2367"]
[WhiteFideId "10500170"]
[BlackFideId "2300109"]
[EventDate "2010.12.08"]

1. d4 d5 2. c4 e6 3. Nc3 Nf6 4. cxd5 exd5 5. Bg5 Nbd7 6. e3 c6 7. Qc2 Be7 8. Bd3
O-O 9. Nge2 Re8 10. f3 Nf8 11. O-O a6 12. Rad1 Qa5 13. Kh1 Be6 14. a3 Rac8 15.
Nf4 Bd7 16. Rfe1 h6 17. Bxf6 Bxf6 18. Qf2 g6 19. Bb1 Qc7 20. Rc1 Qd6 21. Na4
Rcd8 22. Nc5 Bc8 23. Nfd3 Bg7 24. b4 Re7 25. Rcd1 Rde8 26. Nc1 Qc7 27. Bd3 a5
28. b5 b6 29. Na4 cxb5 30. Bxb5 Bd7 31. Bxd7 Nxd7 32. Nb2 Qd6 33. Rd3 Nf8 34.
Re2 Ne6 35. Nd1 Rc7 36. Na2 Rce7 37. Rc2 Nxd4 38. Rcd2 Ne6 39. a4 d4 40. exd4
Nf4 41. Re3 Rxe3 42. Nxe3 Bxd4 43. g3 Nh3 44. Qe2 Qc5 0-1

[Event "London Chess Classic FIDE Open"]
[Site "London ENG"]
[Date "2010.12.13"]
[Round "6"]
[White "Berry, Neil"]
[Black "Grassie, Duncan"]
[Result "1/2-1/2"]
[WhiteTitle "FM"]
[WhiteElo "2346"]
[BlackElo "2096"]
[WhiteFideId "2400650"]
[BlackFideId "411787"]
[EventDate "2010.12.08"]

1. c4 Nf6 2. g3 g6 3. Bg2 c6 4. e4 d6 5. d4 Bg7 6. Nc3 O-O 7. Nf3 Bg4 8. h3 Bxf3
9. Bxf3 Nbd7 10. Be3 Qc7 11. O-O e5 12. Rc1 exd4 13. Bxd4 Ne5 14. Be2 Qd7 15.
Kh2 Qe6 16. f4 Ned7 17. Re1 Nb6 18. b3 Rfe8 19. Bf3 Rad8 20. Bf2 Qd7 21. g4 Qc7
22. Bg3 Nbd7 23. b4 Nb6 24. Qb3 Qc8 25. Nd1 Na8 26. Nf2 Nc7 27. f5 Nd7 28. Bxd6
Ne5 29. c5 Nb5 30. Rcd1 Nd4 31. Rxd4 Nxf3+ 32. Qxf3 Bxd4 33. e5 Rxd6 34. cxd6
Bxe5+ 35. Kg2 Bxd6 36. Ne4 Be5 37. fxg6 hxg6 38. Qe3 Qe6 39. Re2 Kg7 40. Qf3 f6
41. Nc5 Qd5 42. g5 Qxf3+ 43. Kxf3 Re7 44. gxf6+ Bxf6 45. Rc2 Bd4 46. Rc4 Re3+
47. Kg4 Bxc5 48. bxc5 Kh6 49. Rb4 Rc3 50. Rxb7 a5 51. Ra7 Rxc5 52. Kf4 Rc4+ 53.
Ke5 Ra4 54. Ra6 c5 55. Kd5 c4 56. Kd4 Rxa2 57. Kxc4 Kh5 58. Kb3 Ra1 59. Kb2 Ra4
60. Kb3 Rb4+ 61. Kc3 Rb5 62. Kd4 g5 63. Kc4 Rf5 64. Kd4 Kh4 65. Ke4 Rb5 66. Kf3
Rf5+ 67. Kg2 Kh5 1/2-1/2

[Event "London Chess Classic FIDE Open"]
[Site "London ENG"]
[Date "2010.12.13"]
[Round "6"]
[White "Maduekwe, Chiedu"]
[Black "Rendle, Thomas E"]
[Result "0-1"]
[BlackTitle "IM"]
[WhiteElo "2185"]
[BlackElo "2400"]
[WhiteFideId "8500118"]
[BlackFideId "408760"]
[EventDate "2010.12.08"]

1. d4 f5 2. Nf3 Nf6 3. g3 g6 4. Bg2 Bg7 5. O-O O-O 6. c4 d6 7. Nc3 Nc6 8. d5 Na5
9. Qd3 e5 10. dxe6 Bxe6 11. b3 Nc6 12. Ng5 Bd7 13. Bb2 h6 14. Nh3 Ne4 15. Rad1
Qe8 16. Nf4 Nb4 17. Qf3 Nxa2 18. Nxe4 fxe4 19. Qxe4 Qxe4 20. Bxe4 Bxb2 21. Rd2
Nc3 22. Bxb7 Rab8 23. Rxb2 Rxb7 24. Nxg6 Rfb8 25. Ra1 Rxb3 26. Rxb3 Rxb3 27.
Rxa7 Nxe2+ 28. Kf1 Bg4 29. f4 Nd4 30. Rxc7 Rb2 31. Nh4 Rxh2 32. c5 dxc5 33. Rxc5
Ne2 0-1

[Event "London Chess Classic FIDE Open"]
[Site "London ENG"]
[Date "2010.12.13"]
[Round "6"]
[White "Stone, Andrew M"]
[Black "Pena Gomez, Manuel"]
[Result "1/2-1/2"]
[BlackTitle "IM"]
[WhiteElo "2223"]
[BlackElo "2429"]
[WhiteFideId "404985"]
[BlackFideId "2252813"]
[EventDate "2010.12.08"]

1. e4 c5 2. Nf3 e6 3. b3 d5 4. exd5 exd5 5. Bb5+ Bd7 6. Bxd7+ Qxd7 7. O-O Be7 8.
d4 Nc6 9. Re1 Nf6 10. Ne5 Qd8 11. Nxc6 bxc6 12. Ba3 O-O 13. Rxe7 Qxe7 14. Bxc5
Qc7 15. Bxf8 Rxf8 16. Nc3 1/2-1/2

[Event "London Chess Classic FIDE Open"]
[Site "London ENG"]
[Date "2010.12.13"]
[Round "6"]
[White "Gullaksen, Eirik"]
[Black "Ethelontis, Alexandros N"]
[Result "1-0"]
[WhiteTitle "IM"]
[WhiteElo "2364"]
[BlackElo "2187"]
[WhiteFideId "1500945"]
[BlackFideId "405469"]
[EventDate "2010.12.08"]

1. e4 e6 2. d4 d5 3. Nc3 Bb4 4. Ne2 Nc6 5. a3 Ba5 6. b4 Bb6 7. Na4 Nge7 8. g3
dxe4 9. Bb2 Nf5 10. Nxb6 axb6 11. c4 O-O 12. Bg2 Nd6 13. Qc2 f5 14. O-O b5 15.
cxb5 Nxb5 16. Qc5 Qd5 17. a4 Nd6 18. b5 Qxc5 19. dxc5 Nc4 20. bxc6 bxc6 21. Bc3
e5 22. Rfd1 Be6 23. Bf1 f4 24. gxf4 exf4 25. Nd4 Bf7 26. Nxc6 Rae8 27. Rd7 Re6
28. Bxc4 Rxc6 29. Bxf7+ Rxf7 30. Rd8+ Rf8 31. Rxf8+ Kxf8 32. a5 Ra6 33. Be5 Ra7
34. Bxf4 Ke7 35. c6 Ke6 36. a6 Kd5 37. Be3 Ra8 38. a7 Kxc6 39. Rb1 1-0

[Event "London Chess Classic FIDE Open"]
[Site "London ENG"]
[Date "2010.12.13"]
[Round "6"]
[White "Remmler, Hans-Peter"]
[Black "Stoma, Pawel"]
[Result "0-1"]
[WhiteElo "2209"]
[BlackElo "2351"]
[WhiteFideId "4623266"]
[BlackFideId "1113569"]
[EventDate "2010.12.08"]

1. e4 c6 2. d4 d5 3. Nc3 dxe4 4. Nxe4 Nd7 5. Nf3 Ngf6 6. Nxf6+ Nxf6 7. Bd3 Bg4
8. c3 e6 9. h3 Bh5 10. Bf4 Nd5 11. Bh2 Bd6 12. Bxd6 Qxd6 13. Be2 Nf4 14. g3 Nxe2
15. Qxe2 Qd5 16. g4 Bg6 17. c4 Qd6 18. O-O-O Qf4+ 19. Qe3 Qe4 20. Qc3 b5 21.
Rhe1 Qf4+ 22. Qe3 Qxe3+ 23. Rxe3 O-O 24. Ne5 Rac8 25. c5 Rfe8 26. Kd2 f6 27.
Nxg6 hxg6 28. Rde1 Kf7 29. Ra3 Rc7 30. Ra6 g5 31. Re3 Rd8 32. Kc3 Rd5 33. a4 e5
34. dxe5 Rxc5+ 35. Kb4 Rc2 36. exf6 gxf6 37. axb5 Rxb2+ 38. Rb3 Rxb3+ 39. Kxb3
cxb5 40. Kb4 Rb7 41. Rc6 Kg6 42. Re6 Kg7 43. Rc6 Kf7 44. Ra6 Kg6 45. Rc6 Rd7 46.
Rc3 a6 47. Ka5 Rd6 48. Re3 Rc6 49. Rd3 Kf7 50. f4 gxf4 51. h4 Ke6 52. h5 Ke5 53.
h6 Rc7 54. Kxa6 b4 55. Kb5 Ke4 56. Rh3 Rh7 57. Kxb4 f3 0-1

[Event "London Chess Classic FIDE Open"]
[Site "London ENG"]
[Date "2010.12.13"]
[Round "6"]
[White "Spivack, Simon S Y"]
[Black "Piper, Matthew S"]
[Result "0-1"]
[WhiteElo "2189"]
[BlackElo "2343"]
[WhiteFideId "404780"]
[BlackFideId "401463"]
[EventDate "2010.12.08"]

1. Nf3 Nf6 2. g3 b5 3. Bg2 Bb7 4. O-O g6 5. a4 a6 6. d3 Bg7 7. e4 d6 8. Qe2 O-O
9. e5 dxe5 10. axb5 axb5 11. Rxa8 Bxa8 12. Qxe5 Nd5 13. Qe2 c5 14. c4 Nc7 15.
Nc3 b4 16. Ne4 Ne6 17. Bh3 Nd4 18. Nxd4 Bxd4 19. Bh6 Re8 20. Ng5 Qb6 21. Ra1 Bb7
22. Bg2 Bxg2 23. Kxg2 Nc6 24. Qf3 Ne5 25. Ra8 Rb8 26. Qd5 e6 27. Nxe6 fxe6 0-1

[Event "London Chess Classic FIDE Open"]
[Site "London ENG"]
[Date "2010.12.13"]
[Round "6"]
[White "Zymberi, Astrit"]
[Black "Zhou, Yang-Fan"]
[Result "0-1"]
[BlackTitle "FM"]
[WhiteElo "2148"]
[BlackElo "2326"]
[WhiteFideId "4700295"]
[BlackFideId "468584"]
[EventDate "2010.12.08"]

1. d4 Nf6 2. c4 g6 3. Nc3 Bg7 4. e4 O-O 5. f3 Nc6 6. Nge2 e5 7. Be3 b6 8. Qd2
Nh5 9. d5 Na5 10. b3 d6 11. g4 Nf4 12. Nxf4 exf4 13. Bd4 Qh4+ 14. Kd1 Be5 15.
Kc2 Nb7 16. Bf2 Qe7 17. Rd1 Bd7 18. h4 a6 19. Bd4 b5 20. Bxe5 Qxe5 21. g5 bxc4
22. Bxc4 Na5 23. Be2 Rfb8 24. Qd4 f6 25. gxf6 Qxd4 26. Rxd4 Kf7 27. b4 Nb7 28.
Bf1 a5 29. a3 Kxf6 30. Rc4 axb4 31. axb4 Rc8 32. Bh3 Bxh3 33. Rxh3 Ra1 34. Nb5
Rg1 35. Nd4 Rg3 36. Rh2 Nd8 37. Rc3 Rg1 38. Ne2 Ra1 39. Kb2 Rca8 40. Nc1 R1a4
41. Rb3 R8a7 42. Rc2 Nf7 43. Nd3 Ra2+ 44. Kc3 Ne5 45. Rxa2 Rxa2 46. Nxf4 Nxf3
47. Ne6 Nd2 48. Nxc7 Nxb3 49. Kxb3 Ra7 50. Nb5 Rd7 51. Nc3 g5 52. hxg5+ Kxg5 53.
Kc4 h5 54. e5 dxe5 55. Ne4+ Kf5 56. Nc5 Rd8 57. b5 h4 58. b6 h3 59. Nd3 e4 0-1

[Event "London Chess Classic FIDE Open"]
[Site "London ENG"]
[Date "2010.12.13"]
[Round "6"]
[White "Hebbes, Tim"]
[Black "Getz, Nicolai"]
[Result "0-1"]
[WhiteElo "2108"]
[BlackElo "2317"]
[WhiteFideId "406570"]
[BlackFideId "1505572"]
[EventDate "2010.12.08"]

1. Nf3 Nf6 2. g3 d5 3. Bg2 c6 4. O-O Bf5 5. d3 h6 6. c4 e6 7. cxd5 exd5 8. Qb3
Qb6 9. Qxb6 axb6 10. Nc3 Bc5 11. e4 Be6 12. a3 O-O 13. Bf4 b5 14. Rfe1 Nbd7 15.
Be3 Bxe3 16. Rxe3 b4 17. exd5 Nxd5 18. Nxd5 Bxd5 19. Ree1 Nc5 20. Ne5 bxa3 21.
Rxa3 Rxa3 22. bxa3 Bxg2 23. Kxg2 Ra8 24. Rc1 Ne6 25. Rb1 f6 26. Nf3 Rxa3 27.
Rxb7 Rxd3 28. Re7 Nf8 29. Rc7 Rd6 30. Nh4 g6 31. Nf3 Nd7 32. h4 h5 33. Ng1 Kf7
34. Ne2 Ke6 35. Rc8 Kf5 36. Rxc6 Rd2 37. Rc2 Rd5 38. Nf4 Rd6 39. Ne2 Ne5 40. Ng1
Rd3 41. Re2 g5 42. hxg5 fxg5 43. f4 gxf4 44. gxf4 Ng4 45. Nh3 h4 46. Nf2 Rg3+
47. Kh1 Ne3 48. Nd3 Ke4 49. Ne1 Kf5 50. Nd3 h3 51. Ne1 Ng4 52. Nc2 Rd3 53. Ne1
Rd1 54. Kg1 Kxf4 55. Re8 Kg3 56. Kf1 Rd2 57. Rf8 Rf2+ 58. Rxf2 Nxf2 0-1

[Event "London Chess Classic FIDE Open"]
[Site "London ENG"]
[Date "2010.12.13"]
[Round "6"]
[White "Eggleston, David J"]
[Black "Yeo, Michael J"]
[Result "1/2-1/2"]
[WhiteTitle "FM"]
[WhiteElo "2307"]
[BlackElo "2183"]
[WhiteFideId "412120"]
[BlackFideId "402257"]
[EventDate "2010.12.08"]

1. e4 e5 2. Nf3 Nc6 3. Bc4 Nf6 4. Ng5 d5 5. exd5 Na5 6. Bb5+ c6 7. dxc6 bxc6 8.
Qf3 Be7 9. Bxc6+ Nxc6 10. Qxc6+ Bd7 11. Qc4 O-O 12. Nc3 Bf5 13. d3 Rc8 14. Qa4
Bd7 15. Qh4 h6 16. Nf3 Ng4 17. Qg3 f5 18. Qh3 f4 19. Qh5 Bf5 20. Nxe5 Nxe5 21.
Bxf4 Ng4 22. O-O Bh4 23. g3 1/2-1/2

[Event "London Chess Classic FIDE Open"]
[Site "London ENG"]
[Date "2010.12.13"]
[Round "6"]
[White "Dukaczewski, Piotr"]
[Black "Wheldon, Philip"]
[Result "1-0"]
[WhiteTitle "IM"]
[WhiteElo "2297"]
[BlackElo "2125"]
[WhiteFideId "1103520"]
[BlackFideId "407402"]
[EventDate "2010.12.08"]

1. e4 c5 2. Nf3 d6 3. d4 cxd4 4. Nxd4 Nf6 5. Nc3 Nc6 6. Bg5 e6 7. Qd2 a6 8.
O-O-O Bd7 9. f4 b5 10. Bxf6 gxf6 11. Kb1 Be7 12. Nxc6 Bxc6 13. Bd3 Qb6 14. f5
Qc5 15. Ne2 Qe5 16. Nf4 O-O 17. Rhf1 Kh8 18. Rde1 Rg8 19. Rf3 Rg4 20. Qf2 Rc8
21. h3 Rgg8 22. Nh5 Rce8 23. g4 Bd8 24. fxe6 fxe6 25. Nxf6 Bxf6 26. Rxf6 Qc5 27.
Qxc5 dxc5 28. e5 Rg5 29. b3 Kg7 30. Ref1 Re7 31. Re1 Bg2 32. Rf2 Bd5 33. Rf4 h5
34. gxh5 c4 35. h4 Rg2 36. Bg6 c3 37. b4 1-0

[Event "London Chess Classic FIDE Open"]
[Site "London ENG"]
[Date "2010.12.13"]
[Round "6"]
[White "Mcgowan, Daniel"]
[Black "Roberson, Peter T"]
[Result "1/2-1/2"]
[WhiteElo "2082"]
[BlackElo "2291"]
[WhiteFideId "2401479"]
[BlackFideId "412384"]
[EventDate "2010.12.08"]

1. e4 c6 2. d4 d5 3. exd5 cxd5 4. Bd3 Nc6 5. c3 Qc7 6. Ne2 Bg4 7. f3 Bd7 8. O-O
e6 9. Bf4 Bd6 10. Bxd6 Qxd6 11. f4 Nge7 12. Ng3 g6 13. Nd2 Nf5 14. Qe2 O-O-O 15.
Nxf5 gxf5 16. Qe3 Kb8 17. Nf3 f6 18. Rae1 Rhg8 19. Kh1 Ne7 20. Nh4 Rg4 21. g3
Rg7 22. Be2 Qc7 23. Bf3 Nc8 24. Ng2 Nd6 25. Qd2 Qc8 26. Ne3 Rh8 27. Qf2 Bb5 28.
Rg1 Bd3 29. Rd1 Be4 30. Rg2 Qe8 31. Bxe4 Nxe4 32. Qf3 Rhg8 33. Rdg1 Qg6 34. Qe2
Qh6 35. Nf1 Qh3 36. Qf3 h5 37. Nd2 Nxd2 38. Rxd2 h4 39. Rdg2 hxg3 40. Rxg3 a6
41. Qf2 Rxg3 42. Rxg3 Rxg3 43. Qxg3 Qf1+ 44. Qg1 Qxf4 45. h3 Qf3+ 46. Kh2 Qe2+
47. Kh1 f4 48. Qg8+ Ka7 49. Qc8 Qf3+ 50. Kh2 Qg3+ 51. Kh1 Qxh3+ 52. Kg1 Qg3+ 53.
Kf1 Qf3+ 54. Kg1 Qd1+ 55. Kg2 Qe2+ 56. Kg1 Qb5 57. Qxe6 Qxb2 58. Qxd5 Qxc3 59.
Qd6 Qe3+ 60. Kf1 f3 61. Qc5+ Kb8 62. Qd6+ Kc8 63. Qf8+ Kd7 64. Qf7+ Kd6 65.
Qxf6+ Kd5 66. Qd8+ Kc4 67. Qg8+ Kxd4 68. Qg7+ Kc4 69. Qf7+ Kc5 70. Qc7+ Kd4 71.
Qb6+ Kd3 72. Qb3+ Kd4 73. Qb6+ Ke4 74. Qxb7+ Kf4 75. Qf7+ Kg4 76. Qg6+ Qg5 77.
Qe6+ Qf5 1/2-1/2

[Event "London Chess Classic FIDE Open"]
[Site "London ENG"]
[Date "2010.12.13"]
[Round "6"]
[White "Rudd, Jack"]
[Black "Tozer, Philip"]
[Result "1-0"]
[WhiteTitle "IM"]
[WhiteElo "2253"]
[BlackElo "2123"]
[WhiteFideId "405736"]
[BlackFideId "419982"]
[EventDate "2010.12.08"]

1. e4 e6 2. d4 d5 3. Nd2 Nf6 4. e5 Nfd7 5. f4 c5 6. c3 Nc6 7. Ndf3 cxd4 8. cxd4
a5 9. a3 a4 10. Bd3 Nb6 11. Ne2 Bd7 12. Bd2 Na5 13. Bxa5 Rxa5 14. O-O g6 15. g4
h5 16. f5 hxg4 17. fxg6 gxf3 18. gxf7+ Kxf7 19. Rxf3+ Kg8 20. Qd2 Ra8 21. Nf4
Qh4 22. Qg2+ Bg7 23. Ng6 Qxd4+ 24. Kh1 Rh6 25. Ne7+ Kh8 26. Raf1 1-0